| 000 | 00352nam a2200133Ia 4500 | ||
|---|---|---|---|
| 008 | 231017s9999 xx 000 0 und d | ||
| 082 | _a388.109 | ||
| 082 | _bMCP | ||
| 245 | 0 | _aSuccess factors for road management system | |
| 245 | 0 | _cEast Asia pacific transport unit | |
| 260 | _bEast Asia pacific transport unit | ||
| 300 | _c30cm | ||
| 942 | _cREP | ||
| 999 |
_c605374 _d605374 |
||